Laboratory Manual of plant Biotechnology (Record no. 367238)

MARC details
000 -LEADER
fixed length control field 004930000a22001450004500
020 ## - INTERNATIONAL STANDARD BOOK NUMBER
International Standard Book Number 81871672222
060 ## - NATIONAL LIBRARY OF MEDICINE CALL NUMBER
Classification number 100
082 ## - DEWEY DECIMAL CLASSIFICATION NUMBER
Classification number 581.87 PUR
100 ## - MAIN ENTRY--PERSONAL NAME
Personal name Purohit, S S
245 ## - TITLE STATEMENT
Title Laboratory Manual of plant Biotechnology
260 ## - PUBLICATION, DISTRIBUTION, ETC. (IMPRINT)
Place of publication, distribution, etc. Jodhpur, Agriobios
260 ## - PUBLICATION, DISTRIBUTION, ETC. (IMPRINT)
Date of publication, distribution, etc. 2004
650 ## - SUBJECT ADDED ENTRY--TOPICAL TERM
Topical term or geographic name as entry element Genetic Engineering Tissue culture, Micropropagation, Embryogenesis, Suspension culture Protoplast culture , somaclonal Variation, DNA sequencing Genetic Transformation, DNA Isolation
942 ## - ADDED ENTRY ELEMENTS (KOHA)
Koha item type Books (General)
Holdings
Withdrawn status Lost status Source of classification or shelving scheme Damaged status Not for loan Home library Current library Date acquired Total Checkouts Full call number Barcode Date last seen Date checked out Price effective from Koha item type Collection code Shelving location
    Dewey Decimal Classification     College of Agriculture, Vellayani College of Agriculture, Vellayani 02/05/2014 4 581.87 PUR KAU_COAV-27189 19/08/2022 27/07/2022 02/05/2014 Books (General)    
    Dewey Decimal Classification     College of Agriculture, Vellayani College of Agriculture, Vellayani 30/04/2025   581.87 PUR KAU_COAV-25736 30/04/2025   30/04/2025 Reference Book Reference Book Reference
Kerala Agricultural University Central Library
Thrissur-(Dt.), Kerala Pin:- 680656, India
Ph : (+91)(487) 2372219
E-mail: librarian@kau.in
Website: http://library.kau.in/